| 000 | 00616nam a22001937a 4500 | ||
|---|---|---|---|
| 005 | 20180419164330.0 | ||
| 010 | _aENG-122647 | ||
| 020 |
_c1495.00 _a9780199478774 |
||
| 035 | _aEN-106179 | ||
| 037 | _bDBAD/PUB | ||
| 082 | _a400.954 | ||
| 245 |
_aA multilingual nation translation and language dynamic in india / _ced.by Rita Kothari |
||
| 260 |
_c2018 _aNew Delhi _bOxford University Press |
||
| 270 |
_a2/1 Ground Floor,Ansari Road Daryaganj, _bNew Delhi _e110002 |
||
| 300 |
_c22cm(Hb) _a365P. |
||
| 500 | _aIt includes index | ||
| 700 | _aKothari,Rita | ||
| 942 |
_cEN _2ddc _mAML _h954.085 |
||
| 999 |
_c151583 _d151583 |
||